000 00418nam a2200133Ia 4500
008 100328s9999 xx 000 0 und d
082 _b66519
100 _aबोरुडे संजय.
245 _aआत्मा फिक्सिंग.
260 _bप्राजक्त.
630 _aआत्मा फिक्सिंग.
730 _aआत्मा फिक्सिंग.
942 _cBOOK
999 _c552258
_d552255